Cannibales et monarques : essai sur l'origine des cultures (Record no. 20923)
[ view plain ]
| 000 -LEADER | |
|---|---|
| fixed length control field | 00473 a2200217 4500 |
| 020 ## - NUMERO INTERNATIONAL NORMALISE DES LIVRES | |
| International Standard Book Number | 2-08-064193-X |
| 130 ## - VEDETTE PRINCIPALE - TITRE UNIFORME | |
| Language of a work | fr. |
| 100 ## - VEDETTE PRINCIPALE - NOM DE PERSONNE | |
| Personal name | HARRIS, Marvin |
| 260 ## - PUBLICATION, DISTRIBUTION, ETC. (IMPRINT) | |
| Name of publisher, distributor, etc | Flammarion |
| 245 ## - TITLE STATEMENT | |
| Title | Cannibales et monarques : essai sur l'origine des cultures |
| 260 ## - PUBLICATION, DISTRIBUTION, ETC. (IMPRINT) | |
| Place of publication, distribution, etc | Paris |
| 260 ## - PUBLICATION, DISTRIBUTION, ETC. (IMPRINT) | |
| Date of publication, distribution, etc | 1979 |
| 300 ## - PHYSICAL DESCRIPTION | |
| Extent | 267p. |
| 690 ## - LOCAL SUBJECT ADDED ENTRY--TOPICAL TERM (OCLC, RLIN) | |
| Topical term or geographic name as entry element | agriculture |
| 690 ## - LOCAL SUBJECT ADDED ENTRY--TOPICAL TERM (OCLC, RLIN) | |
| Topical term or geographic name as entry element | protéine |
| 690 ## - LOCAL SUBJECT ADDED ENTRY--TOPICAL TERM (OCLC, RLIN) | |
| Topical term or geographic name as entry element | culture |
| 690 ## - LOCAL SUBJECT ADDED ENTRY--TOPICAL TERM (OCLC, RLIN) | |
| Topical term or geographic name as entry element | nature |
| 690 ## - LOCAL SUBJECT ADDED ENTRY--TOPICAL TERM (OCLC, RLIN) | |
| Topical term or geographic name as entry element | civilisation |
| Withdrawn status | Lost status | Damaged status | Not for loan | Location (home branch) | Sublocation or collection (holding branch) | Date acquired | Koha issues (times borrowed) | Koha full call number | Koha date last seen | Copy number | Price effective from | Koha item type | Public note |
|---|---|---|---|---|---|---|---|---|---|---|---|---|---|
| Bibliothèque-Centre de Documentation de la Faculté des Sciences Agronomiques | Bibliothèque-Centre de Documentation de la Faculté des Sciences Agronomiques | NSA.1979.013 | 27/02/2009 | 1 | 27/02/2009 | Livre | A.5633 |